书目信息 |
| 题名: |
《萌芽》2006年度佳作
|
|
| 作者: | ;萌芽杂志社 选编 | |
| 分册: | ||
| 出版信息: | 桂林 漓江出版社 2007 |
|
| 页数: | 316页 | |
| 开本: | 23cm | |
| 丛书名: | 中国名刊2006年度佳作系列 | |
| 单 册: | ||
| 中图分类: | I217.01 , I217.61 | |
| 科图分类: | ||
| 主题词: | 文学--作品--中国--2006--选集 | |
| 电子资源: | ||
| ISBN: | 978-7-5407-3837-2 | |
| 000 | 01005oam2 2200265 450 | |
| 001 | 1574859816 | |
| 005 | 20150121205222.67 | |
| 010 | @a978-7-5407-3837-2@dCNY24.80 | |
| 100 | @a20111117d2007 em y0chiy0110 ea | |
| 101 | 0 | @achi |
| 102 | @aCN@b450000 | |
| 105 | @ay z 000zy | |
| 200 | 1 | @a《萌芽》2006年度佳作@9《meng ya》2006 nian du jia zuo@f萌芽杂志社选编 |
| 210 | @a桂林@c漓江出版社@d2007 | |
| 215 | @a316页@d23cm | |
| 225 | 2 | @a中国名刊2006年度佳作系列 |
| 330 | @a本书从《萌芽》2006年度发表的200多万字的优秀作品中,精选出韩寒、张悦然、李海洋、顾湘、李萍、小饭、马中才、噎死爱肚、朱婧、薛晓玮等36位作者的37篇佳作,集中体现了《萌芽》在本年度原创青春文学方面的代表性和权威性。 | |
| 461 | 0 | @12001 @a中国名刊2006年度佳作系列 |
| 540 | 1 | @a萌芽2006年度佳作@9meng ya2006 nian du jia zuo |
| 606 | 0 | @a文学@x作品@y中国@z2006@j选集 |
| 690 | @aI217.01@v5 | |
| 690 | @aI217.61@v4 | |
| 711 | 02 | @a萌芽杂志社@9meng ya za zhi she@4选编 |
| 801 | 0 | @aCN@bTSSF@c20150121 |
| 905 | @aZUCC@dI217.61@eJY270 | |
| 《萌芽》2006年度佳作/萌芽杂志社选编.-桂林:漓江出版社,2007 |
| 316页;23cm.-(中国名刊2006年度佳作系列) |
| ISBN 978-7-5407-3837-2:CNY24.80 |
| 本书从《萌芽》2006年度发表的200多万字的优秀作品中,精选出韩寒、张悦然、李海洋、顾湘、李萍、小饭、马中才、噎死爱肚、朱婧、薛晓玮等36位作者的37篇佳作,集中体现了《萌芽》在本年度原创青春文学方面的代表性和权威性。 |
| ● |
| 相关链接 |
|
|
|
|
正题名:《萌芽》2006年度佳作
索取号:I217.61/JY270
 
预约/预借
| 序号 | 登录号 | 条形码 | 馆藏地/架位号 | 状态 | 备注 |
| 1 | 7840537 | 278405370 | 学院路分馆/ [索取号:I217.61/JY270] | 在馆 | |
| 2 | 7840538 | 278405389 | 学院路分馆/ [索取号:I217.61/JY270] | 在馆 | |
| 3 | 7840539 | 278405398 | 学院路分馆/ [索取号:I217.61/JY270] | 在馆 | |
| 4 | 7840540 | 278405405 | 学院路分馆/ [索取号:I217.61/JY270] | 在馆 |